Normal view
MARC view
- Cutaneous manifestations of general diseases
Entry Topical Term
001 - CONTROL NUMBER
- control field: 114132
003 - CONTROL NUMBER IDENTIFIER
- control field: NUST
005 - DATE AND TIME OF LATEST TRANSACTION
- control field: 20230815153035.0
008 - FIXED-LENGTH DATA ELEMENTS
- fixed length control field: 230815|| aca||aabn | a|a d
040 ## - CATALOGING SOURCE
- Original cataloging agency: NUST
- Transcribing agency: NUST
150 ## - HEADING--TOPICAL TERM
- Topical term or geographic name entry element: Cutaneous manifestations of general diseases
670 ## - SOURCE DATA FOUND
- Source citation: Work cat.: (NUST): Burge, Susan ; Wallis, Dinny; Matin, Rubeta; 114129, Oxford Handbook of Medical Dermatology /, 2017.
